| 000 | 00678nam a2200205Ia 4500 | ||
|---|---|---|---|
| 001 | 4889 | ||
| 003 | GE_BSU | ||
| 008 | 181216s||||||||xx |||||||||||||| ||und|| | ||
| 040 | _cGE_BSU | ||
| 080 | _a57.14 | ||
| 100 | _aАртин Э. | ||
| 245 | _aГеометрическая алгебра .. | ||
| 245 | _cПод редакцией Л. А. Калужнина. Перевод с английского В. М. Котлова. | ||
| 260 | _aМосква | ||
| 260 | _bНаука Гл. ред. физико- математической лит-ры | ||
| 260 | _c1969 | ||
| 300 | _a283 с. 20 см. | ||
| 653 | _aГеометрическая алгебра | ||
| 942 | _cBK | ||
| 999 |
_c38662 _d38662 |
||